Sports Quiz

Random Sports or World Quiz
Score 0/165 Timer 15:00
0 Plays Today
% Correct
Usain Bolt
100%
Usain Bolt
100%
Usain Bolt
100%
Usain Bolt
100%
Usain Bolt
99.4%
Usain Bolt
99.4%
Michael Johnson
94.4%
Michael Johnson
94.4%
Michael Johnson
94.4%
Michael Johnson
94.4%
Michael Johnson
94.4%
Michael Johnson
94.4%
Allen Johnson
92.6%
Allen Johnson
92.6%
Allen Johnson
92.6%
Allen Johnson
92.6%
Mohamed Farah
91.7%
Mohamed Farah
91.7%
Mohamed Farah
87.8%
Mohamed Farah
87.8%
Carl Lewis
87.3%
Carl Lewis
87.3%
Carl Lewis
87.3%
Tyson Gay
85.6%
Tyson Gay
85.6%
Maurice Greene
85.4%
Maurice Greene
85.4%
Maurice Greene
85.4%
Maurice Greene
85.4%
Usain Bolt
81.2%
Kenenisa Bekele
79.2%
Kenenisa Bekele
79.2%
Kenenisa Bekele
79.2%
Kenenisa Bekele
79.2%
Kenenisa Bekele
79.2%
David Rudisha
78.5%
Lashawn Merritt
77.6%
Justin Gatlin
77.3%
Justin Gatlin
77.3%
Linford Christie
76.8%
Bershawn Jackson
76.4%
Colin Jackson
76.2%
Colin Jackson
76.2%
Donovan Bailey
73.4%
Wayde van Niekerk
72.9%
Wilson Kipketer
71.2%
Wilson Kipketer
71.2%
Wilson Kipketer
71.2%
Hicham El Guerrouj
70.1%
Hicham El Guerrouj
70.1%
Hicham El Guerrouj
70.1%
Hicham El Guerrouj
70.1%
Wilson Boit Kipketer
70.1%
Frank Fredericks
69.6%
David Greene
69%
% Correct
Jeremy Wariner
68.7%
Jeremy Wariner
68.7%
Lashawn Merritt
67.4%
Kim Collins
65.7%
Ato Boldon
65.1%
Mohamed Farah
64.3%
Yohan Blake
64%
Xiang Liu
62.8%
Haile Gebrselassie
60.6%
Haile Gebrselassie
60.6%
Haile Gebrselassie
60.6%
Bernard Lagat
59.9%
Bernard Lagat
59.9%
Steve Cram
59.5%
Felix Sánchez
59.3%
Felix Sánchez
59.3%
Asbel Kiprop
56.9%
David Rudisha
56.3%
Asbel Kiprop
55.3%
Edwin Moses
54%
Edwin Moses
54%
Kirani James
53.1%
Kevin Young
52.9%
Ezekiel Kemboi
52.1%
Jerome Young
52%
Ezekiel Kemboi
50%
Noureddine Morceli
49.5%
Noureddine Morceli
49.5%
Noureddine Morceli
49.5%
Calvin Smith
48.2%
Calvin Smith
48.2%
Konstadinos Kederis
47.4%
Sergey Shubenkov
44.4%
David Oliver
44.4%
Saif Saaeed Shaheen
42.9%
Saif Saaeed Shaheen
42.9%
Mohammed Aman
41.1%
Asbel Kiprop
37.7%
Ezekiel Kemboi
36.6%
Rashid Ramzi
34%
Rashid Ramzi
34%
Stephen Kiprotich
33.6%
Jason Richardson
33.3%
Ezekiel Kemboi
33.3%
Said Aouita
33.2%
Kerron Clement
32.9%
Kerron Clement
32.9%
Andre Bucher
31.5%
Stéphane Diagana
30.2%
Ladji Doucouré
29.6%
Jehue Gordon
28.9%
Moses Kiptanui
28.2%
Moses Kiptanui
28.2%
Moses Kiptanui
28.2%
Daniel Komen
27.9%
% Correct
Samuel Matete
26.8%
Antonio Pettigrew
26.4%
Greg Foster
25.8%
Greg Foster
25.8%
Greg Foster
25.8%
Eamonn Coughlan
25.7%
Abdi Bile
25.4%
Brimin Kiprop Kipruto
24.7%
Nicholas Bett
24.3%
Thomas Schonlebe
24.3%
John Capel
22.4%
Mbulaeni Mulaudzi
22.2%
Eliud Kipchoge
22.1%
Billy Konchellah
21.6%
Billy Konchellah
21.6%
Moses Tanui
21.4%
Ryan Brathwaite
20.7%
Fabrizio Mori
19.7%
Abel Antón
18.3%
Abel Antón
18.3%
Abel Kirui
18.3%
Ismael Kirui
18%
Ismael Kirui
18%
Ismael Kirui
18%
Alberto Cova
17.8%
Avard Moncur
17.1%
Ibrahim Jeilan
16.4%
Alfred Kirwa Yego
16.3%
Abel Kirui
16.1%
Youssef Saad Kamel
15.3%
Robert De Castella
15.3%
Bertland Cameron
14.6%
Jaouad Gharib
14.2%
Jaouad Gharib
14.2%
Francesco Panetta
13.5%
Djabir Said-Guerni
13%
Derrick Adkins
12.8%
Martín Fiz
12.5%
Yobes Ondieki
12.4%
Luke Kibet
11.9%
Ghirmay Ghebreslassie
11.8%
Reuben Kosgei
11%
Richard Limo
10.6%
Benjamin Limo
10.6%
Salah Hissou
10.5%
Paul Kipkoech
10%
Charles Kamathi
10%
Mark Plaatjes
10%
Douglas Wakiihuri
9.2%
Willi Wulbeck
8.9%
Gezahegne Abera
8.8%
Paul Ruto
7.5%
Christopher Koskei
7.5%
Patriz Ilg
6.1%
Hiromi Taniguchi
6.1%
Remove Ads.
Support Sporcle.
Get the best of Sporcle when you Go Orange. This ad-free experience offers more features, more stats, and more fun while also helping to support Sporcle. Thank you for becoming a member.

You're not logged in!

Compare scores with friends on all Sporcle quizzes.
OR
Log In

Show Comments

Extras

Top Quizzes Today


Score Distribution

Your Account Isn't Verified!

In order to create a playlist on Sporcle, you need to verify the email address you used during registration. Go to your Sporcle Settings to finish the process.

Report this User

Report this user for behavior that violates our Community Guidelines.

Details: